| 000 | 01217 a2200241 4500 | ||
|---|---|---|---|
| 001 | 164 | ||
| 005 | 20260407155414.0 | ||
| 008 | 260407a2009 arg spa d | ||
| 003 | AR-UNSa-BCEJYS | ||
| 040 |
_aAR-UNSa-BCEJYS _bspa _cAR-UNSa-BCEJYS |
||
| 080 |
_a339.92 _xCooperación económica internacional. Integración económica internacional |
||
| 245 | 1 | 0 | _aLos difíciles caminos de la integración entre América Latina y la Unión Europea |
| 020 | _a978-950-29-1144-1 | ||
| 264 | 1 |
_aBuenos Aires : _bCEINLADI _c2009 |
|
| 300 |
_a115 p. _c19 cm. |
||
| 505 | _a1. La integración política en Europa y en América del Sur - 2. La comunidad Europea y los vínculos con América Latina - 3. Relaciones comerciales y financieras entre los principales bloques regionales de América Latina y la Unión Europea (Mercosur, CAN y UE). Un análisis frente a la crisis de 2008 | ||
| 041 | _aspa | ||
| 942 | _cBK | ||
| 590 | _aniveau_biblio:m niveau_hierar:0 | ||
| 100 | 1 | _aMonserrat Llairó, María de | |
| 700 | 1 | _aPalacio, Priscila | |
| 856 | 4 | 1 |
_uhttps://biblioeco.unsa.edu.ar/pmb/images/libros/Los dificiles caminos de la integracion entre america latina y la union europea-l117454.jpg _yImagen de portada _qimage/jpeg |
| 999 |
_c125 _d125 |
||